000
00275nam a2200109 a 4500
005
20140414093832.0
008
970109s19uu xx 00 eng d
050
_a
VHS 500
_b
OR 10
245
_a
Science Rock :
_b
Disney presents School Rock!.
942
_c
AVM
999
_c
108765
_d
108765